Texto de legislación para los oficiales de la marina mercante nacional

Đã lưu trong:
Chi tiết về thư mục
Tác giả chính: Vío Valdivieso, Francisco (Tác giả)
Định dạng: Sách
Ngôn ngữ:Tiếng Tây Ban Nha
Được phát hành: Valparaíso Escuela para oficiales de la Marina Mercante Nacional 1946
Những chủ đề:
Các nhãn: Thêm thẻ
Không có thẻ, Là người đầu tiên thẻ bản ghi này!

MARC

LEADER 00000nam a2200000 a 4500
001 UCS3297
003 CL-VaPUC
008 970620e19460000CL |||||||||||||||||spa|d
082 0 4 |a 343.096  |b VIO  |2 21 
100 0 |a Vío Valdivieso, Francisco  |e author  |9 389294 
245 1 0 |a Texto de legislación para los oficiales de la marina mercante nacional 
300 |a 2 v 
942 |c BK 
945 |d 19970620 00:00:00  |a lriquelm 
260 |a Valparaíso  |b Escuela para oficiales de la Marina Mercante Nacional  |c 1946 
600 0 |a Marina mercante  |9 389295 
650 7 |a CAPITAN DE BUQUE  |2 CL-VaPUC  |9 389296 
650 7 |a LEGISLACION  |2 CL-VaPUC  |9 389297 
650 7 |a NAVES  |2 CL-VaPUC  |9 380983 
650 0 |a Transporte marítimo  |9 260127 
650 7 |a CONTRATOS MARITIMOS  |2 CL-VaPUC  |9 255551 
650 0 |a Contratos de trabajo  |9 254966 
651 7 |a CHILE  |2 CL-VaPUC  |9 389298 
583 |a last modification  |c 19970620 00:00:00  |k Rodrigo Vera 
999 |c 261038  |d 261036 
952 |0 0  |1 0  |4 0  |6 343_096000000000000_VIO_1946  |7 0  |8 X  |9 287806  |a BIBDER  |b BIBDER  |d 2019-11-19  |h v.1  |i 1865587  |o 343.096 VIO 1946  |p 1865587  |r 2023-01-25  |w 2019-11-19  |y BK_X  |k DER 
952 |0 0  |1 0  |4 0  |6 343_096000000000000_VIO_1946  |7 0  |8 X  |9 287807  |a BIBDER  |b BIBDER  |d 2019-11-19  |h v.2  |i 1866877  |o 343.096 VIO 1946  |p 1866877  |r 2023-01-25  |w 2019-11-19  |y BK_X  |k DER